000 01534nam a2200289Ia 4500
999 _c38954
_d38954
001 5400
003 GE_BSU
005 20191022124522.0
008 181216s2012||||ge |||||||||||||| ||geo||
020 _a9789941434068
040 _cGE_BSU
041 _ageo
080 _a371.1(479.22) დ-43
100 _aდიასამიძე, ასმათ
_94930
245 _aთანამედროვე სკოლის მართვა და ხელმძღვანელობა /
_cასმათ დიასამიძე ; რედ. გულიკო შერვაშიძე, იური ბიბილეიშვილი.
264 _aბათუმი :
_bშოთა რუსთაველის სახ უნ–ტი,
_c2012.
300 _a145 გვ. ;
_b20 სმ.
504 _aბიბლიოგრ.: გვ. 138-143.
520 _aრეზ. ინგლ..
653 _aსკოლის მართვა;
653 _aსკოლის ხელმძღვანელობა;
700 _aშერვაშიძე, გულიკო
_eრედაქტორი
_9369
700 _aბიბილეიშვილი, იური
_eრედაქტორი
_9800
710 _aბათუმის სახელმწ. უნ-ტი.
_bპედ. მეცნ. დეპარტამენტი;
_94931
710 _aსაქ. განათლ. მეცნ. აკად.
_bაჭარის განყ-ბა;
_94932
942 _cBK
_2udc